ბათუმის შოთა რუსთაველის სახელმწიფო უნივერსიტეტის ბიბლიოთეკა

Japan rising : (ბიბ.ჩანაწერი № 63957)

000 -LEADER
fixed length control field 00677nam a22001937a 4500
005 - DATE AND TIME OF LATEST TRANSACTION
control field 20260226180259.0
008 - FIXED-LENGTH DATA ELEMENTS--GENERAL INFORMATION
fixed length control field 260226s2007 enk||||| |||| 00| 0 eng d
020 ## - INTERNATIONAL STANDARD BOOK NUMBER
International Standard Book Number 9781586485672x
041 ## - LANGUAGE CODE
Language code of text/sound track or separate title eng
080 ## - UNIVERSAL DECIMAL CLASSIFICATION NUMBER
Universal Decimal Classification number 327(520) P-99
100 ## - MAIN ENTRY--PERSONAL NAME
Personal name Pyle, Kenneth B.
9 (RLIN) 27002
245 ## - TITLE STATEMENT
Title Japan rising :
Remainder of title the resurgence of Japanese power and purpose /
Statement of responsibility, etc. Kenneth B. Pyle.
264 ## - PRODUCTION, PUBLICATION, DISTRIBUTION, MANUFACTURE, AND COPYRIGHT NOTICE
Place of production, publication, distribution, manufacture New York :
Name of producer, publisher, distributor, manufacturer PublicAffairs,
Date of production, publication, distribution, manufacture, or copyright notice 2007.
300 ## - PHYSICAL DESCRIPTION
Extent 433 p. ;
Other physical details 24 cm.
521 ## - TARGET AUDIENCE NOTE
Target audience note Bibliogr. notes: p. 375-420.
653 ## - INDEX TERM--UNCONTROLLED
keyword იაპონიის საგარეო პოლიტიკა.
653 ## - INDEX TERM--UNCONTROLLED
keyword იაპონიის პოლიტიკა
942 ## - ADDED ENTRY ELEMENTS (KOHA)
Source of classification or shelving scheme
Koha item type წიგნი
ეგზემპლარები
Withdrawn status Lost status Source of classification or shelving scheme Damaged status Not for loan Permanent Location Current Location Shelving location Date acquired Cost, normal purchase price Full call number Barcode Date last seen Copy number Uniform Resource Identifier Price effective from Koha item type Public note
          ბათუმის შოთა რუსთაველის სახელმწიფო უნივერსიტეტის მთავარი ბიბლიოთეკა ბათუმის შოთა რუსთაველის სახელმწიფო უნივერსიტეტის მთავარი ბიბლიოთეკა წიგნსაცავი 2026-02-26 15.00 327(520) P-99 73835 2026-02-26 73835 იაპონიის ელჩის საჩუქარი 2026-02-26 წიგნი 15 ლ.